Statistics for Every NCAA Division I School in Kentucky

Click here to take the quiz!

General Stats

  • This quiz has been taken 23 times
  • The average score is 6 of 8

Answer Stats

AnswerConference% Correct
KentuckySEC
100%
LouisvilleACC
95%
Western KentuckyC-USA
95%
Eastern KentuckyASUN
90%
Northern KentuckyHorizon
76%
Morehead StateOhio Valley
52%
Murray StateMissouri Valley
43%
BellarmineASUN
38%

Score Distribution

Percentile by Number Answered

Percent of People with Each Score

Your Score History

You have not taken this quiz